000 01388nam1a22003371 4500
001 v19\rc\2109794
005 20200129162747.0
035 _a(NLR Aleph) 005181341
090 _a5134701
_c5134701
100 _a20090914d1818 |||y0rusy50 ca
101 1 _arus
_cger
102 _aRU
105 _ay z |||||
200 1 _aБог во плоти, или Христос между человеками.
_fСоч. г. Эккартсгаузена.
_gПеревод с немецкаго.
210 _aСанктпетербург
_cв типографии В. Плавильщикова
_d1818
215 _d8° (21 см)
300 _aЦенз.: И.О.Тимковский, 13 окт. 1816 г.
327 1 _aИз содерж.: Сущность сей книги (С.I-IV ч.1)
517 0 _aХристос между человеками
700 1 _aЭккартсгаузен
_bК. фон
_f1752-1803
_gКарл фон
_3RU\NLR\AUTH\7790795
702 1 _aТимковский
_bИ. О.
_f1766-1837
_gИван Осипович
_4190
712 0 2 _aПлавильщиков,
_gВ. А.,
_hтипография
_cПетербург
_3RU\NLR\AUTH\880426395
_4610
801 0 _aRU
_bNLR
_gpsbo
801 1 _aRU
_bProSoft-M
_2rusmarc
852 _aNLR
_j18.96.5.14
852 _aNLR
_j138/1762
852 _aNLR
_bМф
_jК1/18608
942 _cBOOK
980 _aNB